| 000 | 00712nam a22002417a 4500 | ||
|---|---|---|---|
| 005 | 20140310183629.0 | ||
| 008 | 131115b xxu||||| |||| 00| 0 eng d | ||
| 020 | _a9780240814612 | ||
| 050 |
_aTR 854 _b.M538 2012 |
||
| 100 | _aMendiburu, Berrard. | ||
| 245 |
_a3D TV and 3D Cinema : _bTools and Processes for Creative Stereoscopy / _cBerrard Mendiburu. |
||
| 260 |
_aAmsterdam : _bFocal Press, _c2012. |
||
| 300 |
_axv, 242 p. : _bill. ; _c24 cm. |
||
| 504 | _aIncludes Index. | ||
| 521 | _aMA | ||
| 650 | _a3-D films. | ||
| 650 | _a3-D television. | ||
| 650 |
_aCinematography _vTechnique. |
||
| 700 | _aPupulin, Yves. | ||
| 700 | _aSchklair, Steve. | ||
| 942 |
_2lcc _cBK _kFOR |
||
| 999 |
_c25568 _d25568 |
||